[Event "GER-ch Youth U10W 2020"]
[Site "Willingen"]
[Date "2020.10.31"]
[Round "7.14"]
[White "De Oliveira, Maria Cristina B."]
[Black "Stepanjan, Tatevik Mia"]
[Result "1-0"]
[WhiteElo "2095"]
[BlackElo "1030"]
[Annotator "TA"]
[PlyCount "149"]
[EventDate "2020.10.27"]
[EventType "swiss"]
[EventRounds "7"]
[EventCountry "GER"]
[SourceTitle "playchess.com"]
[Source "ChessBase"]
[SourceQuality "1"]

{[%evp 10,148,37,43,72,73,89,41,43,6,10,9,9,9,8,-1,20,3,61,70,46,69,62,54,49,64,128,130,122,127,107,89,247,136,166,118,95,89,95,86,83,91,71,4,108,105,184,80,87,77,131,137,322,318,393,381,393,383,443,436,539,522,537,560,500,462,462,462,639,639,704,704,704,704,693,696,694,683,677,683,672,672,665,612,647,502,640,589,655,670,645,643,662,639,681,660,688,676,2043,1939,1446,802,793,752,759,726,29982,29983,29989,29990,29990,29991,29993,29991,29991,29992,29992,29993,29993,29990,29990,29991,29992,29990,29990,29990,29991,29992,29993,29993,29996,29995,29995,29996,29996,29997,29997,29998,29998,29999,29999]} 1. e4 c5 2. d4 cxd4 3. c3 d3 4. Bxd3 Nc6 5. Nf3 d6 6. O-O Bg4 {B21: Sicilian: 2 f4 and Morra Gambit.} 7. h3 Bh5 8. Nbd2 Nf6 {[#] White is slightly better.} 9. Be2 $146 (9. Qe1 {is interesting.} e6 10. Nd4 d5 11. e5 Nd7 12. f4) ({Predecessor:} 9. Qc2 e6 10. Nd4 Ne5 11. Bb5+ Nfd7 12. f4 Nc6 13. g4 Qb6 14. Kh1 Nxd4 15. Bxd7+ Kxd7 16. cxd4 Qxd4 {½-½ (55) Weimert,M (1692)-Koehler,I (1728) Germany 2015}) 9... e6 10. Nd4 Bxe2 11. Qxe2 Be7 12. Rd1 O-O 13. N2b3 h6 (13... d5 $11) 14. Nxc6 $14 bxc6 15. e5 $36 {[%mdl 2048] White has the initiative.} Ne8 16. c4 {[#] exd6 is the strong threat.} Qc7 17. Bf4 d5 ({Black should play} 17... c5 $14) 18. cxd5 cxd5 19. Rac1 Qb7 20. Be3 {aiming for Na5.} f5 $2 (20... Nc7 $16) 21. exf6 (21. Nd4 $18) 21... Rxf6 22. Nc5 Bxc5 23. Bxc5 Rg6 24. Rd3 Rd8 25. Ra3 d4 {[%csl Gg6][%cal Rb7g2] [#]} 26. f3 ({Better is} 26. g3 $16) 26... a6 (26... Nf6 $11 {remains equal.}) 27. Rd1 $16 Qd5 (27... e5 $16 {was necessary.}) 28. Ra5 ({Don't do} 28. Bxd4 $6 e5 $16) (28. Bb6 $18 {is more deadly.} Rc8 29. Bxd4) 28... d3 29. Qe3 {And now Bb6 would win.} Rd7 (29... Qh5 $142) 30. Rxa6 Qg5 $2 (30... Nc7 $16 {is a better defense.} 31. Ra3 Qc4) 31. Qxg5 $18 hxg5 32. Ra3 d2 33. Be3 Rc7 34. Rxd2 Nf6 35. b4 Rb7 36. Rb3 Nd5 37. Bc5 Rf6 38. b5 Rff7 39. b6 Rfd7 40. a4 Rd8 41. a5 Ra8 42. Ra2 Ra6 43. Kf1 Kf7 44. Ke2 Ke8 45. Kd3 Kd7 46. g3 Kc6 47. Bf2 Kd6 48. Kd4 g6 49. Kd3 Kd7 50. Ke2 Ke7 51. Kf1 Kf6 52. g4 Nf4 53. Rb5 Nxh3 54. Bd4+ Ke7 55. Kg2 Nf4+ 56. Kg3 Nd5 57. Rh2 Kf8 58. Rh8+ {White mates.} Kf7 59. Rh7+ Kf8 60. Rxb7 Ke8 61. Ra7 Rxa7 62. bxa7 Nc7 63. Rb8+ Kd7 64. a8=Q Nxa8 65. Rxa8 Kc7 66. Bb6+ Kb7 67. Rg8 e5 68. Rxg6 e4 69. fxe4 Kc8 70. a6 Kd7 71. a7 Ke7 72. a8=Q Kf7 73. Qg8+ Ke7 74. Re6+ Kd7 75. Qe8# {Av CentiPawn Loss W=-28/B=-53. Weighted=-44/-97} 1-0

[Event "GER-ch Youth U10W 2020"]
[Site "Willingen"]
[Date "2020.10.31"]
[Round "7.15"]
[White "Heidtkamp, Anna"]
[Black "John, Linnea"]
[Result "1/2-1/2"]
[WhiteElo "1078"]
[BlackElo "1146"]
[Annotator "NA RC"]
[PlyCount "127"]
[EventDate "2020.10.27"]
[EventType "swiss"]
[EventRounds "7"]
[EventCountry "GER"]
[SourceTitle "playchess.com"]
[Source "ChessBase"]
[SourceQuality "1"]
[TimeControl "40/4500+30:900+30"]

1. e4 {[%emt 0:00:00]} c5 {[%emt 0:00:00]} 2. Nf3 {[%emt 0:00:00]} Nc6 {[%emt 0:00:00]} 3. d4 {[%emt 0:00:00]} cxd4 {[%emt 0:00:00]} 4. Nxd4 {[%emt 0:00:06]} g6 {[%emt 0:00:04]} 5. Nc3 {[%emt 0:00:08]} Bg7 {[%emt 0:00:08]} 6. Be3 {[%emt 0:00:09]} Nf6 {[%emt 0:00:26]} 7. Nxc6 {[%emt 0:00:13]} bxc6 {[%emt 0:00:59]} 8. e5 {[%emt 0:00:14]} Ng8 {[%emt 0:00:26]} 9. f4 {[%emt 0:00:15]} Nh6 {[%emt 0:01:36]} 10. Bc4 {[%emt 0:00:52]} O-O {[%emt 0:01:45]} 11. Qd2 {[%emt 0:00:16]} Nf5 {[%emt 0:01:17]} 12. Bf2 {[%emt 0:01:26]} d6 {[%emt 0:03:55]} 13. exd6 {[%emt 0:07:00]} Qxd6 {[%emt 0:02:19]} 14. Be3 {[%emt 0:02:22]} Nxe3 {[%emt 0:02:30]} 15. Qxe3 {[%emt 0:00:24]} Qd4 {[%emt 0:07:12]} 16. Qxd4 {[%emt 0:01:31]} Bxd4 {[%emt 0:00:37]} 17. Rd1 {[%emt 0:00:41]} Bg7 {[%emt 0:01:48]} 18. O-O {[%emt 0:00:22]} Bg4 {[%emt 0:02:03]} 19. Rde1 {[%emt 0:00:58]} Bf6 {[%emt 0:06:14]} 20. h3 {[%emt 0:01:03]} Bf5 {[%emt 0:03:58]} 21. g4 {[%emt 0:01:52]} Bd7 {[%emt 0:04:14]} 22. Rd1 {[%emt 0:00:30]} Rfd8 {[%emt 0:02:58]} 23. Rf2 {[%emt 0:00:35]} Be8 {[%emt 0:01:48]} 24. Rfd2 {[%emt 0:00:56]} Rxd2 {[%emt 0:01:38]} 25. Rxd2 {[%emt 0:00:16]} Rb8 {[%emt 0:00:57]} 26. Na4 {[%emt 0:01:22]} c5 {[%emt 0:04:33]} 27. b3 {[%emt 0:00:15]} Bd4+ {[%emt 0:01:42]} 28. Kf1 {[%emt 0:03:10]} Rb7 {[%emt 0:03:59]} 29. Re2 {[%emt 0:01:08]} Bc6 {[%emt 0:08:31]} 30. Ba6 {[%emt 0:01:42]} Rc7 {[%emt 0:03:24]} 31. c3 {[%emt 0:00:43]} Bf6 {[%emt 0:02:26]} 32. Nxc5 {[%emt 0:00:45]} Bf3 {[%emt 0:03:23]} 33. Re3 {[%emt 0:01:48]} Bxg4 {[%emt 0:04:40]} 34. hxg4 {[%emt 0:00:55]} Rxc5 {[%emt 0:02:48]} 35. g5 {[%emt 0:01:51]} Rxc3 {[%emt 0:01:59]} 36. Rxc3 {[%emt 0:00:33]} Bxc3 {[%emt 0:00:20]} 37. Ke2 {[%emt 0:00:20]} e5 {[%emt 0:00:59]} 38. fxe5 {[%emt 0:00:10]} Bxe5 {[%emt 0:00:10]} 39. a4 {[%emt 0:00:11]} Bc3 {[%emt 0:00:41]} 40. Kd3 {[%emt 0:00:15]} Ba5 {[%emt 0:00:47]} 41. Kc4 {[%emt 0:15:06]} Kf8 {[%emt 0:15:39]} 42. Kb5 {[%emt 0:00:10]} Bb6 {[%emt 0:01:06]} 43. a5 {[%emt 0:00:16]} Bc7 {[%emt 0:00:19]} 44. b4 {[%emt 0:00:09]} Ke7 {[%emt 0:01:23]} 45. Kc6 {[%emt 0:00:07]} Bd8 {[%emt 0:00:43]} 46. Kb7 {[%emt 0:00:05]} f6 {[%emt 0:00:28]} 47. gxf6+ {[%emt 0:00:20]} Kxf6 {[%emt 0:00:33]} 48. Kxa7 {[%emt 0:00:08]} g5 {[%emt 0:00:23]} 49. b5 {[%emt 0:00:05]} Bxa5 {[%emt 0:01:31]} 50. Bc8 {[%emt 0:00:34]} h5 {[%emt 0:00:00]} 51. Ka6 {[%emt 0:00:06]} Bd8 {[%emt 0:00:00]} 52. b6 {[%emt 0:03:54]} Bxb6 {[%emt 0:00:00]} 53. Kxb6 {[%emt 0:00:11]} g4 {[%emt 0:00:00]} 54. Bb7 {[%emt 0:00:38]} h4 {[%emt 0:01:36]} 55. Kc5 {[%emt 0:00:04]} Kf5 {[%emt 0:00:09]} 56. Kd4 {[%emt 0:00:05]} Kf4 {[%emt 0:00:34]} 57. Kd3 {[%emt 0:00:11]} h3 {[%emt 0:03:27]} 58. Ke2 {[%emt 0:00:10]} Kg3 {[%emt 0:00:00]} 59. Kf1 {[%emt 0:00:00]} h2 {[%emt 0:00:00]} 60. Ba8 {[%emt 0:00:00]} Kh3 {[%emt 0:00:00]} 61. Kf2 {[%emt 0:00:00]} g3+ {[%emt 0:00:00]} 62. Kf1 {[%emt 0:00:00]} h1=Q+ {[%emt 0:00:00]} 63. Bxh1 {[%emt 0:00:00]} g2+ {[%emt 0:00:00]} 64. Bxg2+ {[%emt 0:00:00]} 1/2-1/2

[Event "GER-ch Youth U10W 2020"]
[Site "Willingen"]
[Date "2020.10.31"]
[Round "7.16"]
[White "Le, Thi An"]
[Black "Jäger, Viktoria"]
[Result "1/2-1/2"]
[WhiteElo "976"]
[BlackElo "1114"]
[Annotator "NA RC"]
[PlyCount "103"]
[EventDate "2020.10.27"]
[EventType "swiss"]
[EventRounds "7"]
[EventCountry "GER"]
[SourceTitle "playchess.com"]
[Source "ChessBase"]
[SourceQuality "1"]
[TimeControl "40/4500+30:900+30"]

1. e4 {[%emt 0:00:00]} e5 {[%emt 0:00:00]} 2. Nf3 {[%emt 0:00:00]} Nc6 {[%emt 0:00:00]} 3. Bc4 {[%emt 0:00:00]} Bc5 {[%emt 0:00:00]} 4. c3 {[%emt 0:00:00]} Nf6 {[%emt 0:00:00]} 5. d4 {[%emt 0:00:10]} exd4 {[%emt 0:00:00]} 6. cxd4 {[%emt 0:00:12]} Bb4+ {[%emt 0:00:01]} 7. Bd2 {[%emt 0:00:07]} Nxe4 {[%emt 0:00:05]} 8. Bxb4 {[%emt 0:00:10]} Nxb4 {[%emt 0:00:06]} 9. Bxf7+ {[%emt 0:00:15]} Kxf7 {[%emt 0:00:06]} 10. Qb3+ {[%emt 0:00:08]} Kf8 {[%emt 0:00:08]} 11. Qxb4+ {[%emt 0:00:14]} Qe7 {[%emt 0:00:04]} 12. Qxe7+ {[%emt 0:02:05]} Kxe7 {[%emt 0:00:09]} 13. O-O {[%emt 0:00:12]} Kd8 {[%emt 0:00:16]} 14. Ne5 {[%emt 0:00:14]} Rf8 {[%emt 0:00:11]} 15. Nc3 {[%emt 0:01:01]} Nxc3 {[%emt 0:00:50]} 16. bxc3 d6 {[%emt 0:00:28]} 17. Nc4 {[%emt 0:00:51]} Bd7 {[%emt 0:00:26]} 18. Rfe1 {[%emt 0:00:43]} Re8 {[%emt 0:02:45]} 19. Rxe8+ {[%emt 0:00:51]} Bxe8 {[%emt 0:00:39]} 20. a3 {[%emt 0:00:50]} Bb5 {[%emt 0:00:48]} 21. Na5 {[%emt 0:00:59]} Rb8 {[%emt 0:02:54]} 22. Rb1 Bd3 {[%emt 0:06:47]} 23. Rd1 {[%emt 0:02:12]} Be2 {[%emt 0:01:25]} 24. Re1 {[%emt 0:00:29]} Bd3 {[%emt 0:01:36]} 25. Re3 {[%emt 0:00:59]} Ba6 {[%emt 0:01:56]} 26. Rg3 {[%emt 0:00:37]} g6 {[%emt 0:02:08]} 27. Rh3 {[%emt 0:00:19]} h5 {[%emt 0:01:16]} 28. c4 {[%emt 0:01:05]} Kd7 {[%emt 0:01:29]} 29. Rf3 {[%emt 0:00:52]} Re8 {[%emt 0:00:57]} 30. h3 {[%emt 0:01:28]} Re4 {[%emt 0:01:37]} 31. Rd3 {[%emt 0:01:42]} b6 {[%emt 0:00:24]} 32. f3 {[%emt 0:01:27]} Re1+ {[%emt 0:00:42]} 33. Kf2 {[%emt 0:00:45]} Rc1 {[%emt 0:00:09]} 34. Nb3 {[%emt 0:00:38]} Rxc4 {[%emt 0:01:31]} 35. Rd2 {[%emt 0:02:12]} c5 {[%emt 0:00:53]} 36. dxc5 {[%emt 0:00:20]} bxc5 {[%emt 0:00:19]} 37. h4 {[%emt 0:01:08]} Rc3 {[%emt 0:01:01]} 38. Rb2 {[%emt 0:02:35]} Bc4 {[%emt 0:00:16]} 39. Na5 {[%emt 0:00:40]} Bd5 {[%emt 0:00:30]} 40. a4 {[%emt 0:00:31]} Kc8 {[%emt 0:00:45]} 41. f4 {[%emt 0:17:54]} Be4 {[%emt 0:15:35]} 42. Rd2 {[%emt 0:01:40]} Rc2 {[%emt 0:00:39]} 43. Ke3 {[%emt 0:00:39]} Bf5 {[%emt 0:00:21]} 44. Nc6 {[%emt 0:00:33]} Rxd2 {[%emt 0:00:19]} 45. Kxd2 {[%emt 0:00:28]} Kb7 {[%emt 0:00:06]} 46. Ne7 {[%emt 0:00:21]} Bg4 {[%emt 0:00:47]} 47. Nxg6 {[%emt 0:00:31]} Kc6 {[%emt 0:00:20]} 48. Ne7+ {[%emt 0:00:25]} Kd7 {[%emt 0:00:33]} 49. Nd5 {[%emt 0:00:25]} Ke6 {[%emt 0:00:32]} 50. Ne3 {[%emt 0:00:23]} Bf5 {[%emt 0:00:26]} 51. g3 {[%emt 0:00:59]} d5 {[%emt 0:00:17]} 52. a5 {[%emt 0:00:50]} 1/2-1/2

[Event "GER-ch Youth U10W 2020"]
[Site "Willingen"]
[Date "2020.10.31"]
[Round "7.17"]
[White "Blaufuß, Lena"]
[Black "Tran, Hanna Emilie Mai Hoa"]
[Result "1-0"]
[WhiteElo "1073"]
[BlackElo "986"]
[Annotator "NA RC"]
[PlyCount "75"]
[EventDate "2020.10.27"]
[EventType "swiss"]
[EventRounds "7"]
[EventCountry "GER"]
[SourceTitle "playchess.com"]
[Source "ChessBase"]
[SourceQuality "1"]
[TimeControl "40/4500+30:900+30"]

1. e4 {[%emt 0:00:00]} e5 {[%emt 0:00:00]} 2. Nf3 {[%emt 0:00:00]} Nc6 {[%emt 0:00:02]} 3. Bc4 {[%emt 0:00:24]} Nf6 {[%emt 0:00:39]} 4. Ng5 {[%emt 0:00:41]} d5 {[%emt 0:00:17]} 5. exd5 {[%emt 0:01:32]} Nxd5 {[%emt 0:00:10]} 6. Qf3 {[%emt 0:01:42]} Be6 {[%emt 0:01:44]} 7. Nxe6 {[%emt 0:04:08]} fxe6 {[%emt 0:00:20]} 8. d3 {[%emt 0:04:27]} h6 {[%emt 0:01:09]} 9. a3 {[%emt 0:02:24]} Nd4 {[%emt 0:00:23]} 10. Qd1 {[%emt 0:02:27]} Qd7 {[%emt 0:00:48]} 11. c3 {[%emt 0:02:26]} Nc6 {[%emt 0:01:36]} 12. Qh5+ {[%emt 0:03:18]} Qf7 {[%emt 0:00:29]} 13. Qxf7+ {[%emt 0:00:42]} Kxf7 {[%emt 0:00:07]} 14. O-O {[%emt 0:01:11]} Ke7 {[%emt 0:00:34]} 15. Re1 {[%emt 0:02:33]} a6 {[%emt 0:01:28]} 16. d4 {[%emt 0:02:35]} exd4 {[%emt 0:00:33]} 17. Bxd5 {[%emt 0:00:56]} Kd6 {[%emt 0:03:16]} 18. Bxe6 {[%emt 0:01:17]} Re8 {[%emt 0:00:17]} 19. Bf4+ {[%emt 0:02:56]} Kc5 {[%emt 0:00:25]} 20. b4+ {[%emt 0:02:15]} Kb6 {[%emt 0:00:08]} 21. h3 {[%emt 0:02:32]} Ka7 {[%emt 0:00:55]} 22. Bxc7 {[%emt 0:02:12]} b6 {[%emt 0:01:28]} 23. Kh1 {[%emt 0:06:06]} dxc3 {[%emt 0:01:48]} 24. Nxc3 {[%emt 0:00:44]} Nd4 {[%emt 0:00:14]} 25. Bc4 {[%emt 0:01:34]} Rxe1+ {[%emt 0:00:12]} 26. Rxe1 {[%emt 0:00:19]} Nc2 {[%emt 0:01:33]} 27. Re6 {[%emt 0:04:54]} Kb7 {[%emt 0:01:20]} 28. Bxb6 {[%emt 0:01:59]} Nxa3 {[%emt 0:00:23]} 29. Bd5+ {[%emt 0:01:42]} Kc8 {[%emt 0:00:44]} 30. Rc6+ {[%emt 0:06:53]} Kd7 {[%emt 0:00:25]} 31. Bd4 {[%emt 0:03:01]} Bd6 {[%emt 0:01:01]} 32. Bxg7 {[%emt 0:01:32]} Re8 {[%emt 0:00:44]} 33. g3 {[%emt 0:01:10]} Re1+ {[%emt 0:00:13]} 34. Kg2 {[%emt 0:00:34]} Bxb4 {[%emt 0:00:21]} 35. Na4 {[%emt 0:01:54]} Rd1 {[%emt 0:01:06]} 36. Nb6+ {[%emt 0:01:11]} Kd8 {[%emt 0:00:53]} 37. Bf6+ {[%emt 0:01:59]} Ke8 {[%emt 0:00:20]} 38. Rc8# 1-0

[Event "GER-ch Youth U10W 2020"]
[Site "Willingen"]
[Date "2020.10.31"]
[Round "7.18"]
[White "Tu, Audrey"]
[Black "Zhou, Leyi Charlotte"]
[Result "0-1"]
[WhiteElo "754"]
[BlackElo "1071"]
[Annotator "NA RC"]
[PlyCount "70"]
[EventDate "2020.10.27"]
[EventType "swiss"]
[EventRounds "7"]
[EventCountry "GER"]
[SourceTitle "playchess.com"]
[Source "ChessBase"]
[SourceQuality "1"]
[TimeControl "40/4500+30:900+30"]

1. e4 {[%emt 0:00:00]} e5 {[%emt 0:00:00]} 2. Nf3 {[%emt 0:00:00]} Nc6 {[%emt 0:00:00]} 3. Nc3 {[%emt 0:00:00]} Nf6 {[%emt 0:00:14]} 4. Bc4 {[%emt 0:00:05]} Nxe4 {[%emt 0:00:17]} 5. d3 {[%emt 0:01:00]} Nxc3 {[%emt 0:00:36]} 6. bxc3 {[%emt 0:00:20]} d5 {[%emt 0:01:40]} 7. Bb5 {[%emt 0:01:19]} Bd6 {[%emt 0:00:26]} 8. Bg5 {[%emt 0:03:11]} f6 {[%emt 0:01:45]} 9. Bh4 {[%emt 0:01:28]} Bg4 {[%emt 0:01:21]} 10. h3 {[%emt 0:00:37]} Bh5 {[%emt 0:00:15]} 11. O-O {[%emt 0:01:49]} O-O {[%emt 0:00:47]} 12. d4 {[%emt 0:00:41]} e4 {[%emt 0:00:32]} 13. g4 {[%emt 0:03:22]} Qd7 {[%emt 0:03:29]} 14. Nd2 {[%emt 0:02:39]} Bg6 {[%emt 0:01:08]} 15. c4 {[%emt 0:03:10]} dxc4 {[%emt 0:03:33]} 16. Nxc4 {[%emt 0:01:59]} Bb4 {[%emt 0:02:32]} 17. d5 {[%emt 0:01:21]} a6 {[%emt 0:01:14]} 18. Bxc6 {[%emt 0:01:43]} bxc6 {[%emt 0:00:11]} 19. a3 {[%emt 0:01:14]} Bc3 {[%emt 0:02:27]} 20. Rb1 {[%emt 0:00:21]} cxd5 {[%emt 0:01:08]} 21. Rb3 {[%emt 0:01:39]} Be5 {[%emt 0:03:33]} 22. Rb4 {[%emt 0:04:50]} Rad8 {[%emt 0:01:35]} 23. Nxe5 {[%emt 0:00:57]} fxe5 {[%emt 0:01:35]} 24. Bxd8 {[%emt 0:00:25]} Qxd8 {[%emt 0:00:48]} 25. c4 {[%emt 0:03:14]} d4 {[%emt 0:04:30]} 26. Re1 {[%emt 0:01:01]} Qh4 {[%emt 0:02:05]} 27. Re2 {[%emt 0:05:31]} Rf3 {[%emt 0:01:31]} 28. Kf1 {[%emt 0:04:54]} Qxh3+ {[%emt 0:00:28]} 29. Ke1 {[%emt 0:01:14]} Qh1+ {[%emt 0:00:26]} 30. Kd2 {[%emt 0:00:08]} Rd3+ {[%emt 0:00:25]} 31. Kc2 {[%emt 0:01:12]} Qxd1+ {[%emt 0:00:36]} 32. Kb2 {[%emt 0:00:32]} Qxe2+ {[%emt 0:00:27]} 33. Ka1 {[%emt 0:00:12]} Rxa3+ {[%emt 0:00:15]} 34. Kb1 {[%emt 0:00:14]} e3+ {[%emt 0:00:09]} 35. Kc1 {[%emt 0:00:36]} Qd2# {[%emt 0:00:40]} 0-1

[Event "GER-ch Youth U10W 2020"]
[Site "Willingen"]
[Date "2020.10.31"]
[Round "7.19"]
[White "Mo, Keyou"]
[Black "Peglau, Lorena"]
[Result "0-1"]
[WhiteElo "950"]
[BlackElo "1061"]
[Annotator "NA RC"]
[PlyCount "62"]
[EventDate "2020.10.27"]
[EventType "swiss"]
[EventRounds "7"]
[EventCountry "GER"]
[SourceTitle "playchess.com"]
[Source "ChessBase"]
[SourceQuality "1"]
[TimeControl "40/4500+30:900+30"]

1. e4 {[%emt 0:00:00]} c6 {[%emt 0:00:00]} 2. d4 {[%emt 0:00:00]} d5 {[%emt 0:00:00]} 3. exd5 {[%emt 0:00:00]} cxd5 {[%emt 0:00:05]} 4. Nf3 {[%emt 0:00:00]} Nc6 {[%emt 0:00:17]} 5. c4 {[%emt 0:00:09]} Nf6 {[%emt 0:00:20]} 6. Nc3 {[%emt 0:00:09]} Bg4 {[%emt 0:00:26]} 7. Be3 {[%emt 0:00:15]} e6 {[%emt 0:00:27]} 8. h3 {[%emt 0:00:41]} Bh5 {[%emt 0:00:29]} 9. Be2 {[%emt 0:00:27]} Qb6 {[%emt 0:00:37]} 10. b3 {[%emt 0:02:01]} dxc4 {[%emt 0:00:37]} 11. bxc4 {[%emt 0:00:57]} Bb4 {[%emt 0:00:27]} 12. Qd2 {[%emt 0:02:18]} Ne4 {[%emt 0:00:29]} 13. Qc2 {[%emt 0:01:51]} Bxc3+ {[%emt 0:00:25]} 14. Bd2 {[%emt 0:00:17]} Bxa1 {[%emt 0:00:12]} 15. O-O {[%emt 0:02:20]} Bxd4 {[%emt 0:00:23]} 16. Qxe4 {[%emt 0:00:26]} Bf6 {[%emt 0:01:26]} 17. Rb1 {[%emt 0:02:32]} Qc7 {[%emt 0:00:41]} 18. Bf4 {[%emt 0:00:47]} Bg6 {[%emt 0:00:42]} 19. Bxc7 {[%emt 0:02:11]} Bxe4 {[%emt 0:00:08]} 20. Rxb7 {[%emt 0:00:13]} O-O {[%emt 0:00:51]} 21. Bd6 {[%emt 0:01:37]} Rfd8 {[%emt 0:00:21]} 22. Bc7 {[%emt 0:00:26]} Rd7 {[%emt 0:00:41]} 23. h4 Rc8 {[%emt 0:00:30]} 24. Ng5 {[%emt 0:09:33]} Rdxc7 {[%emt 0:00:32]} 25. Rxc7 {[%emt 0:00:12]} Rxc7 {[%emt 0:00:30]} 26. Nxe4 {[%emt 0:00:30]} Be5 {[%emt 0:00:30]} 27. g3 {[%emt 0:00:30]} Nd4 {[%emt 0:00:30]} 28. Bg4 {[%emt 0:05:10]} Rxc4 {[%emt 0:00:23]} 29. Nd2 {[%emt 0:00:44]} Rc2 {[%emt 0:00:20]} 30. Nb3 Rc1+ {[%emt 0:00:30]} 31. Kg2 {[%emt 0:03:07]} Rc2 {[%emt 0:00:00]} 0-1

[Event "GER-ch Youth U10W 2020"]
[Site "Willingen"]
[Date "2020.10.31"]
[Round "7.21"]
[White "Margaryan, Mari"]
[Black "Mehner, Clara"]
[Result "0-1"]
[WhiteElo "690"]
[BlackElo "1244"]
[Annotator "NA RC"]
[PlyCount "68"]
[EventDate "2020.10.27"]
[EventType "swiss"]
[EventRounds "7"]
[EventCountry "GER"]
[SourceTitle "playchess.com"]
[Source "ChessBase"]
[SourceQuality "1"]
[TimeControl "40/4500+30:900+30"]

1. e4 {[%emt 0:00:00]} e6 {[%emt 0:00:00]} 2. Nf3 {[%emt 0:00:00]} d5 {[%emt 0:00:00]} 3. d3 {[%emt 0:00:00]} c5 {[%emt 0:00:28]} 4. Bg5 {[%emt 0:00:08]} Be7 {[%emt 0:00:33]} 5. Bxe7 {[%emt 0:00:41]} Nxe7 {[%emt 0:00:51]} 6. Nc3 {[%emt 0:00:23]} Nbc6 {[%emt 0:02:10]} 7. Be2 {[%emt 0:01:07]} O-O {[%emt 0:03:26]} 8. Ng5 {[%emt 0:00:37]} Ng6 {[%emt 0:07:03]} 9. Bh5 {[%emt 0:00:27]} Qxg5 {[%emt 0:00:37]} 10. g4 {[%emt 0:00:43]} Nge5 {[%emt 0:03:32]} 11. h4 {[%emt 0:00:32]} Qe7 {[%emt 0:01:43]} 12. Qe2 {[%emt 0:00:34]} g6 {[%emt 0:01:44]} 13. f4 {[%emt 0:01:29]} gxh5 {[%emt 0:03:09]} 14. fxe5 Nxe5 15. gxh5 {[%emt 0:02:16]} Kh8 {[%emt 0:03:50]} 16. Rg1 {[%emt 0:00:22]} Qxh4+ {[%emt 0:01:18]} 17. Kf1 {[%emt 0:00:42]} Qf4+ {[%emt 0:03:13]} 18. Ke1 {[%emt 0:00:29]} Nf3+ {[%emt 0:00:55]} 19. Kf2 {[%emt 0:00:32]} Nd4+ {[%emt 0:00:11]} 20. Kg2 {[%emt 0:00:59]} Nxe2 {[%emt 0:00:23]} 21. Nxe2 {[%emt 0:00:38]} Qg4+ {[%emt 0:00:45]} 22. Kf2 {[%emt 0:00:24]} Qxh5 {[%emt 0:00:21]} 23. Nf4 {[%emt 0:00:34]} Qh4+ {[%emt 0:00:48]} 24. Rg3 {[%emt 0:00:20]} Qxf4+ {[%emt 0:00:19]} 25. Rf3 {[%emt 0:00:16]} Qe5 {[%emt 0:00:45]} 26. Re3 {[%emt 0:00:31]} Qxb2 {[%emt 0:00:32]} 27. Re2 {[%emt 0:00:17]} Qxa1 {[%emt 0:00:17]} 28. Re1 {[%emt 0:00:19]} Qxa2 {[%emt 0:00:31]} 29. Re2 {[%emt 0:00:21]} Bd7 {[%emt 0:01:17]} 30. Rd2 {[%emt 0:00:16]} Rg8 {[%emt 0:01:16]} 31. Ke2 {[%emt 0:00:34]} Rg2+ {[%emt 0:00:14]} 32. Kf1 {[%emt 0:00:19]} Rxd2 {[%emt 0:00:15]} 33. Ke1 {[%emt 0:00:18]} Qxc2 {[%emt 0:00:34]} 34. d4 {[%emt 0:00:29]} Qc1# 0-1